000 00900nas a2200313 4500
001 BR8400958
003 BR-BrBNA
005 20231205085816.0
007 ta
008 230509b bl.|||p| |||| 00| 00por d
040 _aBR-BrBNA
_bpor
_cBiblioteca Nacional de Agricultura
041 _a(Pt)
072 _aL10
100 1 _aFerreira, H.I.
100 1 _aDel Carlo, R.J.
100 1 _aSilva, L.A.E.
100 1 _aAlves, G.E.S.
100 1 _aToniollo, G.H.
100 1 _aSilveira, J.M.
245 1 _aFistula hemorragica do penis bovino [lesao]
246 1 _aHemorrhagic fistulae in the bovine penis [lesion]
650 _aBOVINO
650 _aLESAO
650 _aPENIS
650 _aHEMORRAGIA
773 0 _tRevista Brasileira de Reproducao Animal (Brazil)
_xISSN 0102-0803
_g(1983), v. 7(3) p. 47-50
_wBR8400958
909 _a202311
_bLúcia
_c55
_dLúcia Elande
942 _2AGRIS
_n0
_cANA
999 _c113957
_d113957